[Event "RUS-chT Rapid Men 2018"]
[Site "Sochi"]
[Date "2018.10.09"]
[Round "8"]
[White "Rozhko, Dmitry"]
[Black "Kharitonov, Egor"]
[Result "1-0"]
[WhiteElo "2305"]
[BlackElo "2387"]
[Annotator "NA"]
[PlyCount "85"]
[EventDate "2018.10.05"]
[EventType "swiss"]
[EventCountry "RUS"]
[SourceTitle "playchess.com"]
[Source "ChessBase"]
[SourceQuality "1"]
[TimeControl "900+10"]

1. d4 {[%emt 0:00:00]} d5 {[%emt 0:00:00]} 2. Nf3 {[%emt 0:00:00]} e6 {[%emt 0:00:00]} 3. g3 {[%emt 0:00:00]} Nf6 {[%emt 0:00:00]} 4. Bg2 {[%emt 0:00:00]} Be7 {[%emt 0:00:00]} 5. c4 {[%emt 0:00:00]} O-O {[%emt 0:00:01]} 6. Nbd2 {[%emt 0:00:04]} Nbd7 {[%emt 0:00:03]} 7. O-O {[%emt 0:00:03]} c6 {[%emt 0:00:05]} 8. Qc2 {[%emt 0:00:01]} b6 {[%emt 0:00:02]} 9. e4 {[%emt 0:00:02]} dxc4 {[%emt 0:00:01]} 10. Nxc4 {[%emt 0:00:07]} Bb7 {[%emt 0:00:02]} 11. Rd1 {[%emt 0:00:27]} c5 {[%emt 0:01:28]} 12. Nfe5 {[%emt 0:00:59]} b5 {[%emt 0:01:49]} 13. Nxd7 {[%emt 0:00:54]} Nxd7 {[%emt 0:01:09]} 14. Ne3 {[%emt 0:00:07]} cxd4 {[%emt 0:01:41]} 15. Rxd4 {[%emt 0:00:03]} Rc8 {[%emt 0:02:46]} 16. Qd1 {[%emt 0:00:14]} Rc7 {[%emt 0:00:22]} 17. Bd2 {[%emt 0:00:09]} Bc5 {[%emt 0:00:16]} 18. Rd3 {[%emt 0:00:50]} Qe7 {[%emt 0:00:37]} 19. Ba5 {[%emt 0:00:21]} Ne5 {[%emt 0:01:15]} 20. Bxc7 {[%emt 0:00:53]} Nxd3 {[%emt 0:00:02]} 21. Qxd3 {[%emt 0:00:17]} Qxc7 {[%emt 0:00:10]} 22. Qxb5 {[%emt 0:00:35]} Bxe3 {[%emt 0:00:10]} 23. fxe3 {[%emt 0:00:12]} Rd8 {[%emt 0:00:22]} 24. Qe2 {[%emt 0:01:48]} Qc5 {[%emt 0:00:27]} 25. Qe1 {[%emt 0:01:15]} Rd3 {[%emt 0:00:22]} 26. Rc1 {[%emt 0:00:23]} Qb6 {[%emt 0:02:20]} 27. Rc3 {[%emt 0:00:21]} Rd7 {[%emt 0:00:05]} 28. Rc2 {[%emt 0:03:05]} h6 {[%emt 0:01:30]} 29. Qc3 {[%emt 0:01:03]} Ba6 {[%emt 0:01:02]} 30. Rd2 {[%emt 0:00:05]} Rc7 {[%emt 0:00:19]} 31. Qd4 {[%emt 0:00:13]} Rc1+ {[%emt 0:00:14]} 32. Kf2 {[%emt 0:00:10]} Qb5 {[%emt 0:00:01]} 33. g4 {[%emt 0:02:06]} h5 {[%emt 0:00:54]} 34. a4 {[%emt 0:00:34]} Rf1+ {[%emt 0:00:52]} 35. Kg3 {[%emt 0:00:18]} h4+ {[%emt 0:00:12]} 36. Kh3 {[%emt 0:00:53]} Qb3 {[%emt 0:00:02]} 37. Qd8+ {[%emt 0:00:05]} Kh7 {[%emt 0:00:05]} 38. Qxh4+ {[%emt 0:00:03]} Kg6 {[%emt 0:00:01]} 39. Qh5+ {[%emt 0:00:41]} Kf6 {[%emt 0:00:01]} 40. e5+ {[%emt 0:00:20]} Ke7 {[%emt 0:00:03]} 41. Qg5+ {[%emt 0:00:05]} f6 {[%emt 0:00:11]} 42. Qxg7+ {[%emt 0:00:12]} Ke8 {[%emt 0:00:01]} 43. Bc6# 1-0

[Event "RUS-chT Rapid Men 2018"]
[Site "Sochi"]
[Date "2018.10.09"]
[Round "8"]
[White "Jary, Sergey"]
[Black "Shkurkin, Andrey"]
[Result "1/2-1/2"]
[WhiteElo "2286"]
[BlackElo "2201"]
[Annotator "TA"]
[PlyCount "32"]
[EventDate "2018.10.05"]
[EventType "swiss"]
[EventCountry "RUS"]
[SourceTitle "playchess.com"]
[Source "ChessBase"]
[SourceQuality "1"]

{[%evp 21,32,0,0,0,4,4,9,0,0,0,0,-61,-54]} 1. d4 Nf6 2. Nf3 c5 3. e3 cxd4 4. exd4 d5 5. Bf4 Nc6 6. c3 Bf5 7. Bd3 {B13: Caro-Kann: Exchange Variation and Panov-Botvinnik Attack} (7. Qb3 Qc8 8. Nbd2 e6 9. Nh4 Bg4 10. h3 Bh5 11. Bd3 Be7 12. O-O a6 13. Rae1 Nd7 14. Ndf3 b5 {1-0 (32) Nisipeanu,L (2672)-Laznicka,V (2654) Germany 2018}) 7... Bxd3 8. Qxd3 e6 9. Nbd2 Bd6 10. Bxd6 Qxd6 11. O-O O-O {LiveBook: 4 Games} 12. Rfe1 a6 13. Ne5 Rfc8 $146 ({Predecessor:} 13... Nd7 14. Ndf3 Ndxe5 15. Nxe5 Nxe5 16. dxe5 {½-½ (22) Nezhmetdinov,R-Kholmov,R Tbilisi (Georgia) 1949}) 14. Re3 b5 15. a3 Na5 16. b4 (16. Rg3 $11) 16... Nc4 1/2-1/2

[Event "RUS-chT Rapid Men 2018"]
[Site "Sochi"]
[Date "2018.10.09"]
[Round "8"]
[White "Kretov, Evgenij"]
[Black "Klimentov, Evgeny"]
[Result "1-0"]
[WhiteElo "2219"]
[BlackElo "2135"]
[Annotator "NA"]
[PlyCount "105"]
[EventDate "2018.10.05"]
[EventType "swiss"]
[EventCountry "RUS"]
[SourceTitle "playchess.com"]
[Source "ChessBase"]
[SourceQuality "1"]
[TimeControl "900+10"]

1. d4 {[%emt 0:00:00]} Nf6 {[%emt 0:00:00]} 2. c4 {[%emt 0:00:00]} e6 {[%emt 0:00:00]} 3. Nc3 {[%emt 0:00:00]} b6 {[%emt 0:00:00]} 4. e4 {[%emt 0:00:02]} Bb7 {[%emt 0:00:05]} 5. f3 {[%emt 0:00:29]} Bb4 {[%emt 0:00:30]} 6. Qc2 {[%emt 0:00:09]} c5 {[%emt 0:01:10]} 7. d5 {[%emt 0:00:04]} exd5 {[%emt 0:00:06]} 8. cxd5 {[%emt 0:00:02]} O-O {[%emt 0:00:10]} 9. Bd3 {[%emt 0:00:52]} d6 {[%emt 0:00:11]} 10. Nge2 {[%emt 0:00:11]} Nbd7 {[%emt 0:00:03]} 11. a3 {[%emt 0:00:10]} Ba5 {[%emt 0:00:14]} 12. O-O {[%emt 0:00:20]} Ne5 {[%emt 0:00:08]} 13. Ng3 {[%emt 0:00:24]} c4 {[%emt 0:00:43]} 14. Be2 {[%emt 0:00:03]} b5 {[%emt 0:00:01]} 15. h3 {[%emt 0:01:12]} Re8 {[%emt 0:01:05]} 16. Kh2 {[%emt 0:00:41]} a6 {[%emt 0:00:08]} 17. f4 {[%emt 0:00:47]} Ng6 {[%emt 0:00:21]} 18. Bd2 {[%emt 0:01:09]} Nf8 {[%emt 0:00:59]} 19. Rae1 {[%emt 0:01:48]} N6d7 {[%emt 0:01:23]} 20. Be3 {[%emt 0:00:34]} Bb6 {[%emt 0:00:14]} 21. Qd2 {[%emt 0:00:06]} Bxe3 {[%emt 0:00:45]} 22. Qxe3 {[%emt 0:00:02]} Nc5 {[%emt 0:00:02]} 23. e5 {[%emt 0:01:06]} Bc8 {[%emt 0:02:48]} 24. Nce4 {[%emt 0:01:32]} Nxe4 {[%emt 0:00:17]} 25. Qxe4 {[%emt 0:00:24]} Ra7 {[%emt 0:00:32]} 26. Bf3 {[%emt 0:01:48]} Rae7 {[%emt 0:01:50]} 27. Nf5 {[%emt 0:00:34]} Bxf5 {[%emt 0:00:58]} 28. Qxf5 {[%emt 0:00:01]} dxe5 {[%emt 0:00:23]} 29. fxe5 {[%emt 0:00:12]} Rxe5 {[%emt 0:00:10]} 30. Rxe5 {[%emt 0:00:57]} Qc7 {[%emt 0:00:36]} 31. Rfe1 {[%emt 0:00:56]} f6 {[%emt 0:00:40]} 32. Rd1 {[%emt 0:01:46]} Qd6 {[%emt 0:00:27]} 33. Kh1 {[%emt 0:00:10]} Rxe5 {[%emt 0:00:05]} 34. Qc8 {[%emt 0:00:02]} Kf7 {[%emt 0:00:22]} 35. a4 {[%emt 0:00:16]} Nd7 {[%emt 0:01:01]} 36. axb5 {[%emt 0:00:01]} axb5 {[%emt 0:00:01]} 37. Qc6 {[%emt 0:01:11]} Qe7 {[%emt 0:01:35]} 38. Qxb5 {[%emt 0:00:47]} Re1+ {[%emt 0:00:02]} 39. Rxe1 {[%emt 0:00:01]} Qxe1+ {[%emt 0:00:01]} 40. Kh2 {[%emt 0:00:01]} Ne5 {[%emt 0:00:42]} 41. Qb7+ {[%emt 0:00:20]} Kg6 {[%emt 0:00:03]} 42. d6 {[%emt 0:00:17]} Qe3 {[%emt 0:00:43]} 43. Be4+ {[%emt 0:00:27]} Kh6 {[%emt 0:00:02]} 44. Qd5 {[%emt 0:00:06]} Qa7 {[%emt 0:00:23]} 45. Qd2+ {[%emt 0:00:09]} g5 {[%emt 0:00:01]} 46. Bf5 {[%emt 0:00:03]} Qb8 {[%emt 0:00:10]} 47. Qd5 {[%emt 0:00:13]} Kg7 {[%emt 0:00:07]} 48. Be6 {[%emt 0:00:08]} h5 {[%emt 0:00:24]} 49. Qc5 {[%emt 0:00:07]} Qxb2 {[%emt 0:00:04]} 50. d7 {[%emt 0:00:08]} Nf3+ {[%emt 0:00:14]} 51. Kg3 {[%emt 0:00:02]} h4+ {[%emt 0:00:16]} 52. Kxf3 {[%emt 0:00:02]} Qc3+ {[%emt 0:00:02]} 53. Qe3 1-0

[Event "RUS-chT Rapid Men 2018"]
[Site "Sochi"]
[Date "2018.10.09"]
[Round "8"]
[White "Okun, Evgeny"]
[Black "Popov, Maksim M."]
[Result "1-0"]
[WhiteElo "2163"]
[BlackElo "2219"]
[Annotator "NA"]
[PlyCount "93"]
[EventDate "2018.10.05"]
[EventType "swiss"]
[EventCountry "RUS"]
[SourceTitle "playchess.com"]
[Source "ChessBase"]
[SourceQuality "1"]
[TimeControl "900+10"]

1. g3 {[%emt 0:00:00]} Nf6 {[%emt 0:00:00]} 2. f4 {[%emt 0:00:00]} d5 {[%emt 0:00:01]} 3. Nf3 {[%emt 0:00:00]} c5 {[%emt 0:00:01]} 4. Bg2 {[%emt 0:00:00]} Nc6 {[%emt 0:00:01]} 5. d3 {[%emt 0:00:00]} g6 {[%emt 0:00:04]} 6. O-O {[%emt 0:00:01]} Bg7 {[%emt 0:00:04]} 7. Qe1 {[%emt 0:00:01]} d4 {[%emt 0:01:01]} 8. Na3 {[%emt 0:00:01]} O-O {[%emt 0:00:05]} 9. Bd2 {[%emt 0:00:01]} Rb8 {[%emt 0:00:37]} 10. c3 {[%emt 0:00:41]} Nd5 {[%emt 0:00:21]} 11. Rc1 {[%emt 0:00:01]} h6 {[%emt 0:01:13]} 12. h3 {[%emt 0:00:43]} Be6 {[%emt 0:00:43]} 13. Nh4 {[%emt 0:01:05]} Kh7 {[%emt 0:02:36]} 14. f5 {[%emt 0:00:27]} gxf5 {[%emt 0:00:03]} 15. Nxf5 {[%emt 0:00:09]} Bxf5 {[%emt 0:00:20]} 16. Rxf5 {[%emt 0:00:02]} e6 {[%emt 0:00:04]} 17. Rf1 {[%emt 0:00:15]} a6 {[%emt 0:02:25]} 18. Nc2 {[%emt 0:00:57]} Qd6 {[%emt 0:00:58]} 19. e4 {[%emt 0:00:35]} Nc7 {[%emt 0:00:40]} 20. c4 {[%emt 0:02:04]} Ne5 {[%emt 0:01:37]} 21. Qe2 {[%emt 0:00:09]} b5 {[%emt 0:00:43]} 22. cxb5 {[%emt 0:00:34]} axb5 {[%emt 0:00:32]} 23. Bf4 {[%emt 0:00:46]} c4 {[%emt 0:01:07]} 24. Ne1 {[%emt 0:00:18]} c3 {[%emt 0:00:25]} 25. bxc3 {[%emt 0:02:22]} dxc3 {[%emt 0:00:01]} 26. Qf2 Qb4 27. d4 {[%emt 0:01:00]} Ng6 {[%emt 0:01:38]} 28. Nc2 {[%emt 0:00:14]} Qe7 {[%emt 0:00:07]} 29. Be3 {[%emt 0:00:29]} b4 {[%emt 0:00:04]} 30. h4 {[%emt 0:00:12]} Qd7 {[%emt 0:00:52]} 31. h5 Ne7 32. Qe2 {[%emt 0:03:02]} Qb5 {[%emt 0:00:46]} 33. Qxb5 {[%emt 0:01:02]} Rxb5 {[%emt 0:00:03]} 34. g4 {[%emt 0:00:02]} Ra8 {[%emt 0:00:09]} 35. Rxf7 {[%emt 0:00:18]} Rxa2 {[%emt 0:00:22]} 36. Nxb4 {[%emt 0:01:19]} Rxb4 {[%emt 0:00:07]} 37. Rxe7 {[%emt 0:00:02]} Rbb2 {[%emt 0:00:15]} 38. Bf3 {[%emt 0:00:01]} Nb5 {[%emt 0:00:10]} 39. e5 {[%emt 0:00:22]} Kg8 {[%emt 0:00:24]} 40. Rxe6 {[%emt 0:00:14]} Rc2 {[%emt 0:00:01]} 41. Rxc2 {[%emt 0:00:24]} Rxc2 {[%emt 0:00:01]} 42. Be4 {[%emt 0:00:16]} Rb2 {[%emt 0:00:08]} 43. Re8+ {[%emt 0:00:04]} Bf8 {[%emt 0:00:02]} 44. Bxh6 {[%emt 0:00:11]} Kf7 {[%emt 0:00:00]} 45. Rxf8+ {[%emt 0:00:03]} Ke6 {[%emt 0:00:01]} 46. Rf6+ Ke7 47. Bg5 {[%emt 0:00:40]} 1-0

[Event "RUS-chT Rapid Men 2018"]
[Site "Sochi"]
[Date "2018.10.09"]
[Round "8"]
[White "Kuzmin, Roman"]
[Black "Nuristani, Iman"]
[Result "1-0"]
[WhiteElo "2127"]
[BlackElo "2242"]
[Annotator "TA"]
[PlyCount "107"]
[EventDate "2018.10.05"]
[EventType "swiss"]
[EventCountry "RUS"]
[SourceTitle "playchess.com"]
[Source "ChessBase"]
[SourceQuality "1"]

{[%evp 11,107,10,57,55,60,21,13,11,15,22,17,7,0,0,0,0,11,11,15,12,12,11,11,11,24,13,16,19,13,19,35,11,20,8,17,8,22,0,0,-6,17,0,6,0,16,0,7,7,0,0,119,120,117,117,108,91,110,127,150,136,136,114,116,108,157,87,87,48,155,155,1155,1157,1174,1062,6211,6103,5804,5785,29958,29962,29957,29958,29961,29963,29963,29965,29965,12257,29983,29984,29984,29985,29985,29986,29986,29987,29986,29987]} 1. e4 e6 2. d4 d5 3. Nd2 c5 4. Ngf3 a6 5. exd5 exd5 6. Be2 c4 7. O-O {C08: French Tarrasch: 3...c5 4 exd5 exd5 sidelines} Bd6 8. c3 (8. b3 $5 {[%cal Rb3c4]}) (8. b3 cxb3 9. cxb3 Nc6 10. Re1 Nge7 11. Bb2 O-O 12. Ne5 f6 13. Nxc6 Nxc6 14. Bf3 Kh8 {½-½ (28) Wei,Y (2739)-Ivanchuk,V (2729) Medias 2017}) 8... Ne7 9. b3 {The position is equal.} b5 10. a4 {[#] Strongly threatening axb5.} Bb7 $1 11. axb5 axb5 12. Rxa8 Bxa8 13. bxc4 $146 ({Predecessor:} 13. Qc2 Nd7 14. Re1 O-O 15. Nf1 Qc7 16. Ng3 Nf6 17. b4 Bc6 {½-½ (17) Helbich,J-Capek,I (2180) Decin 1995}) 13... bxc4 14. Ba3 O-O 15. Bxd6 Qxd6 16. Qc2 Nd7 17. Ra1 Bc6 18. g3 Rb8 19. Nf1 h6 20. Ne3 Rb3 21. Nd2 Rb5 22. Bf3 Qb8 23. Ra2 g6 24. Kg2 Kg7 25. h4 h5 26. Kg1 Rb7 27. Kh1 Ra7 28. Kg2 Qa8 29. Rxa7 Qxa7 30. Qb2 Qb6 {[#]} (30... Nf6 $11) 31. Qa3 $1 $16 {[%cal Ra3e7]} Nc8 32. Nxd5 Qb7 33. Qa5 Ncb6 34. Nxb6 Bxf3+ 35. Nxf3 Nxb6 36. Qe5+ f6 37. Qc5 Kh7 38. Qf8 (38. Qb5 $142) 38... Nd5 39. Kh2 {aiming for Nd2.} Qc7 ({Black should try} 39... Ne3 $14) 40. Nd2 Qc6 $2 (40... Nxc3 $16 41. Qxf6 Qg7 42. Qxg7+ Kxg7 43. Nxc4 Kf6) 41. Qf7+ $18 Kh6 42. Ne4 {Qg8 is the strong threat.} g5 43. hxg5+ fxg5 44. Qf8+ Kg6 45. Qg8+ Kf5 46. f3 g4 47. Qf7+ Nf6 48. Qxf6+ Qxf6 49. Nxf6 gxf3 50. Nxh5 {KN-KPP. White mates.} Ke4 51. Kg1 Kd3 52. d5 Ke2 53. Nf4+ Ke1 54. Nh3 {Precision: White = 51%, Black = 37%.} 1-0

[Event "RUS-chT Rapid Men 2018"]
[Site "Sochi"]
[Date "2018.10.09"]
[Round "8"]
[White "Tatarintsev, Egor"]
[Black "Kostin, Alexey"]
[Result "0-1"]
[WhiteElo "2086"]
[BlackElo "2253"]
[Annotator "NA"]
[PlyCount "68"]
[EventDate "2018.10.05"]
[EventType "swiss"]
[EventCountry "RUS"]
[SourceTitle "playchess.com"]
[Source "ChessBase"]
[SourceQuality "1"]
[TimeControl "900+10"]

1. d4 {[%emt 0:00:00]} Nf6 {[%emt 0:00:00]} 2. c4 {[%emt 0:00:00]} e6 {[%emt 0:00:00]} 3. Nf3 {[%emt 0:00:00]} d5 {[%emt 0:00:00]} 4. g3 {[%emt 0:00:00]} c5 {[%emt 0:00:06]} 5. cxd5 {[%emt 0:00:19]} exd5 {[%emt 0:00:01]} 6. Bg2 {[%emt 0:00:09]} Nc6 {[%emt 0:00:03]} 7. O-O {[%emt 0:00:42]} Be7 {[%emt 0:00:11]} 8. Nc3 {[%emt 0:00:18]} Be6 {[%emt 0:00:24]} 9. dxc5 {[%emt 0:01:23]} Bxc5 {[%emt 0:00:06]} 10. Bg5 {[%emt 0:00:02]} Be7 {[%emt 0:00:13]} 11. Nd4 {[%emt 0:00:29]} O-O {[%emt 0:00:06]} 12. Nxe6 {[%emt 0:00:27]} fxe6 {[%emt 0:00:02]} 13. Qb3 {[%emt 0:00:48]} Qb6 {[%emt 0:00:26]} 14. Qxb6 {[%emt 0:00:57]} axb6 {[%emt 0:00:02]} 15. Rfd1 {[%emt 0:00:00]} Bc5 {[%emt 0:00:15]} 16. Bxf6 {[%emt 0:02:13]} Rxf6 {[%emt 0:00:15]} 17. e3 {[%emt 0:00:19]} Ne5 {[%emt 0:00:35]} 18. Rd2 {[%emt 0:02:21]} Nc4 {[%emt 0:00:26]} 19. Re2 {[%emt 0:00:32]} Ne5 {[%emt 0:01:31]} 20. Rd1 {[%emt 0:00:51]} Raf8 {[%emt 0:00:39]} 21. Rdd2 {[%emt 0:00:47]} Bb4 {[%emt 0:00:37]} 22. Rd1 {[%emt 0:01:18]} Rc8 {[%emt 0:00:44]} 23. Nb1 {[%emt 0:01:21]} Nd3 {[%emt 0:01:37]} 24. a3 {[%emt 0:00:49]} Nc1 {[%emt 0:00:10]} 25. axb4 {[%emt 0:00:37]} Nxe2+ 26. Kf1 Rc2 {[%emt 0:00:25]} 27. f4 {[%emt 0:02:11]} Nc1 {[%emt 0:02:23]} 28. Nc3 {[%emt 0:00:03]} Kf8 {[%emt 0:00:34]} 29. e4 {[%emt 0:00:10]} g5 {[%emt 0:00:37]} 30. exd5 {[%emt 0:00:29]} gxf4 {[%emt 0:00:27]} 31. Ne4 {[%emt 0:00:01]} f3 {[%emt 0:01:25]} 32. Nxf6 {[%emt 0:00:23]} fxg2+ 33. Kg1 Ne2+ {[%emt 0:00:14]} 34. Kxg2 {[%emt 0:00:17]} Nc3+ {[%emt 0:00:03]} 0-1

[Event "RUS-chT Rapid Men 2018"]
[Site "Sochi"]
[Date "2018.10.09"]
[Round "8"]
[White "Pingin, Artem"]
[Black "Nechaev, Oleg"]
[Result "1/2-1/2"]
[WhiteElo "1981"]
[BlackElo "2400"]
[Annotator "TA"]
[PlyCount "172"]
[EventDate "2018.10.05"]
[EventType "swiss"]
[EventCountry "RUS"]
[SourceTitle "playchess.com"]
[Source "ChessBase"]
[SourceQuality "1"]

{[%evp 21,172,10,8,0,0,-12,6,-17,-23,-62,-12,-25,0,0,0,0,0,-12,0,-22,-18,-21,-27,-27,-16,-37,-23,-27,-14,-24,-21,-39,-27,-29,-39,-27,-20,-28,-5,-74,-53,-78,-59,-53,-58,-66,-15,-18,-8,-8,-1,-14,-14,-16,-8,-22,-22,-37,-37,-37,0,0,0,-2,0,0,0,0,0,0,0,0,0,0,0,0,0,0,0,0,0,0,0,0,0,0,0,0,0,0,0,0,0,0,0,0,0,0,0,0,0,0,0,0,0,0,0,0,0,0,0,0,0,0,0,0,0,0,0,0,0,0,0,0,0,0,0,0,0,0,0,0,0,0,0,0,0,0,0,0,0,0,0,0,0,0,0,0,0,0,0,0,0]} 1. e4 c5 2. Nf3 Nc6 3. Bb5 g6 4. Bxc6 dxc6 5. d3 Bg7 6. h3 b6 7. Nc3 Nf6 8. Be3 O-O 9. O-O Ne8 10. Qd2 e5 11. Bh6 {B31: Sicilian: 2...Nc6 3 Bb5 g6} f6 {LiveBook: 11 Games} 12. Bxg7 (12. Nh2 g5 13. Bxg7 Nxg7 14. b3 a5 15. Ng4 Bxg4 16. hxg4 {0-1 (46) Zhigalko,S (2648)-Cornette,M (2606) Porticcio 2017}) 12... Nxg7 13. Nh2 $146 ({Predecessor:} 13. Ne2) 13... Ne6 14. Ne2 {[#]} c4 $1 {[%mdl 512]} 15. f4 (15. dxc4 Qxd2) 15... cxd3 (15... Nxf4 {is more complex.} 16. Nxf4 exf4 17. Qxf4 Qd4+ 18. Rf2 Qxb2 19. Rd1 cxd3 20. cxd3 Qd4) 16. cxd3 Ba6 17. Rad1 exf4 18. Nxf4 Nxf4 19. Rxf4 Qd4+ 20. Kh1 Rad8 {[%cal Rd4d3]} 21. Rf3 c5 22. b3 Bb7 {White should prevent ...Bxe4!} 23. Rf2 a5 24. Ng4 {[%cal Bh2g4,Bg4e3,Be3c4][%mdl 32] Hoping for Rdf1.} Bc8 25. Ne3 Be6 26. Nc4 {[#]} a4 $1 {[%mdl 512]} 27. Nxb6 (27. bxa4 Bxc4) 27... axb3 28. axb3 Bxb3 29. Rc1 Rfe8 30. Rc3 (30. Qf4 $11 {remains equal.}) 30... Bf7 31. Qc2 Rd6 32. Nc4 $1 {[%cal Rc4d6]} Ra6 33. Kh2 Rea8 ({Black should try} 33... Rb8 $15 34. Rf1 Kg7) 34. Rb3 $11 Kg7 35. Qb2 Bxc4 36. Qxd4 cxd4 37. dxc4 {[%mdl 4096] Endgame KRR-KRR} Re8 38. Rb7+ Kh6 39. Rd7 Rxe4 40. Rd2 d3 41. c5 {The position is equal.} Rc4 42. R2xd3 Rxc5 43. Rb7 Rc2 44. Rdd7 Raa2 45. Rxh7+ Kg5 46. h4+ Kf5 47. Rb5+ Ke6 (47... Kg4 $5 48. Rb4+ $8 Kf5 $11) 48. Rb6+ Kd5 49. Rxf6 Rxg2+ 50. Kh1 Rh2+ 51. Kg1 Rag2+ 52. Kf1 Rb2 {[%cal Rh2h1]} 53. Kg1 Rhg2+ 54. Kf1 Ke5 55. Rf8 Rgc2 {[%cal Rc2c1]} 56. Kg1 Rg2+ 57. Kf1 Rh2 {[%cal Rh2h1]} 58. Kg1 Rbg2+ 59. Kf1 Rg4 60. Re7+ Kd6 61. Rh7 Ke6 62. Re8+ Kf6 63. Rf8+ Ke5 64. Re7+ Kd6 65. Rh7 Rc4 {[%cal Rc4c1]} 66. Kg1 Rb2 67. Rg7 Rg4+ 68. Kf1 Ke5 69. Re7+ Kd5 70. Rd8+ Kc6 71. Re6+ Kc7 72. Rg8 Rf4+ 73. Ke1 Ra4 {[%cal Ra4a1]} 74. Kf1 Rf4+ 75. Ke1 Rc4 {[%cal Rc4c1]} 76. Rg7+ Kd8 {[%cal Rc4c1]} 77. Kf1 Rc1+ 78. Re1 Rc6 79. Ra1 {And now Ra8+ would win.} Rbc2 80. Ra8+ (80. Re1 {seems wilder.} Rc1 81. Rg8+ Kd7 82. Rxc1 Rxc1+ 83. Kg2) 80... Rc8 81. Rxc8+ (81. Ra6 {looks sharper.} R8c6 82. Ra5 R6c4 83. Rxg6 Rxh4 84. Kg1) 81... Kxc8 82. Rxg6 {KR-KR} Kd7 83. h5 Ke7 84. Rg2 Rxg2 85. Kxg2 Kf6 86. h6 Kg6 {Precision: White = 70%, Black = 65%.} 1/2-1/2

[Event "RUS-chT Rapid Men 2018"]
[Site "Sochi"]
[Date "2018.10.09"]
[Round "8"]
[White "Rudakov, Sergey S."]
[Black "Riazhskih, Vitaly"]
[Result "1/2-1/2"]
[WhiteElo "1733"]
[BlackElo "2165"]
[Annotator "NA"]
[PlyCount "112"]
[EventDate "2018.10.05"]
[EventType "swiss"]
[EventCountry "RUS"]
[SourceTitle "playchess.com"]
[Source "ChessBase"]
[SourceQuality "1"]
[TimeControl "900+10"]

1. e4 {[%emt 0:00:00]} c5 {[%emt 0:00:00]} 2. Nf3 {[%emt 0:00:00]} e6 {[%emt 0:00:00]} 3. d4 {[%emt 0:00:01]} cxd4 {[%emt 0:00:00]} 4. Nxd4 {[%emt 0:00:02]} a6 {[%emt 0:00:00]} 5. Bd3 {[%emt 0:00:05]} Nf6 {[%emt 0:00:00]} 6. O-O {[%emt 0:00:07]} d6 {[%emt 0:00:07]} 7. Be3 {[%emt 0:00:04]} Nbd7 {[%emt 0:00:05]} 8. f4 {[%emt 0:00:10]} g6 {[%emt 0:00:18]} 9. Nd2 {[%emt 0:00:05]} Bg7 {[%emt 0:00:02]} 10. Qe2 {[%emt 0:01:30]} O-O {[%emt 0:00:03]} 11. h3 {[%emt 0:01:16]} Re8 {[%emt 0:00:30]} 12. Qf2 {[%emt 0:00:25]} Qc7 {[%emt 0:01:13]} 13. Qf3 {[%emt 0:03:10]} b5 {[%emt 0:02:15]} 14. Rae1 {[%emt 0:01:56]} Bb7 {[%emt 0:00:04]} 15. Qg3 {[%emt 0:01:00]} Rac8 {[%emt 0:01:42]} 16. f5 {[%emt 0:00:32]} d5 {[%emt 0:01:44]} 17. Qxc7 {[%emt 0:00:45]} Rxc7 {[%emt 0:00:01]} 18. fxe6 {[%emt 0:00:41]} fxe6 {[%emt 0:00:05]} 19. exd5 {[%emt 0:00:37]} Nxd5 {[%emt 0:00:08]} 20. Bf2 {[%emt 0:00:01]} Nc5 {[%emt 0:00:48]} 21. N2b3 {[%emt 0:01:06]} Nxd3 {[%emt 0:00:04]} 22. cxd3 {[%emt 0:00:01]} e5 {[%emt 0:00:08]} 23. Nf3 {[%emt 0:00:15]} Nf4 {[%emt 0:00:36]} 24. Re3 {[%emt 0:00:50]} Rc2 {[%emt 0:00:25]} 25. Rb1 {[%emt 0:00:57]} Rd8 {[%emt 0:01:17]} 26. Ne1 {[%emt 0:00:02]} Rcc8 {[%emt 0:01:30]} 27. Rc1 {[%emt 0:00:31]} Bd5 {[%emt 0:00:07]} 28. Rxc8 {[%emt 0:00:49]} Rxc8 {[%emt 0:00:02]} 29. Nf3 {[%emt 0:00:25]} Rc2 {[%emt 0:00:13]} 30. d4 {[%emt 0:00:37]} e4 {[%emt 0:00:40]} 31. Ne5 {[%emt 0:00:48]} Rxb2 {[%emt 0:00:44]} 32. Kf1 {[%emt 0:01:19]} Rxa2 {[%emt 0:00:17]} 33. Nc5 {[%emt 0:00:10]} Bxe5 {[%emt 0:01:38]} 34. dxe5 {[%emt 0:00:02]} Ra1+ {[%emt 0:00:10]} 35. Be1 {[%emt 0:00:06]} Bc4+ {[%emt 0:00:32]} 36. Kf2 {[%emt 0:00:08]} Ra2+ {[%emt 0:00:31]} 37. Kg3 {[%emt 0:00:07]} g5 {[%emt 0:00:21]} 38. Kg4 {[%emt 0:00:04]} Rxg2+ {[%emt 0:00:51]} 39. Kf5 {[%emt 0:00:02]} Kf7 {[%emt 0:00:17]} 40. Nxa6 {[%emt 0:00:26]} Re2 {[%emt 0:01:39]} 41. Rxe2 {[%emt 0:00:13]} Bxe2 {[%emt 0:00:02]} 42. h4 {[%emt 0:00:08]} Ng2 {[%emt 0:00:08]} 43. e6+ {[%emt 0:00:06]} Ke8 {[%emt 0:00:07]} 44. Kf6 {[%emt 0:00:08]} Bh5 {[%emt 0:00:08]} 45. Nc7+ {[%emt 0:00:22]} Kd8 {[%emt 0:00:03]} 46. Ba5 {[%emt 0:00:05]} gxh4 {[%emt 0:00:14]} 47. Nxb5+ {[%emt 0:00:06]} Ke8 {[%emt 0:00:17]} 48. Nd6+ {[%emt 0:00:01]} Kf8 {[%emt 0:00:00]} 49. Nxe4 {[%emt 0:00:06]} h3 {[%emt 0:00:09]} 50. Bc7 {[%emt 0:00:23]} Ne3 {[%emt 0:00:04]} 51. Bd6+ {[%emt 0:00:14]} Ke8 {[%emt 0:00:05]} 52. Kg5 {[%emt 0:00:08]} Bg6 {[%emt 0:00:15]} 53. Nf6+ {[%emt 0:00:02]} Kd8 {[%emt 0:00:01]} 54. e7+ {[%emt 0:00:21]} Kc8 {[%emt 0:00:01]} 55. Nxh7 {[%emt 0:00:09]} Be8 {[%emt 0:00:38]} 56. Nf6 {[%emt 0:00:10]} Ba4 {[%emt 0:00:06]} 1/2-1/2